| 000 | 00635nam a2200229Ia 4500 | ||
|---|---|---|---|
| 005 | 20260320201953.0 | ||
| 008 | 008 262003s9999 xx 000 0 eng d | ||
| 037 | _aEBOOK | ||
| 040 | _aCRL | ||
| 040 | _beng | ||
| 040 | _cCRL | ||
| 041 | _2eng | ||
| 041 | _aeng | ||
| 084 | _qCRL | ||
| 100 |
_aTeter _91136448 |
||
| 245 | 0 | _aTechnical Program Manager's Handbook: Empowering managers to efficiently manage technical projects and build a successful career path | |
| 260 | _bIEEE | ||
| 856 | _uhttps://ieeexplore.ieee.org/servlet/opac?bknumber=10162858 | ||
| 942 | _cEBOOK | ||
| 999 |
_c1724570 _d1724570 |
||